|
|
|
|
| LEADER |
01100naa a2200241 i 4500 |
| 001 |
acta46460 |
| 005 |
20260224081030.0 |
| 008 |
170509s2017 hu o 100 hun d |
| 024 |
7 |
|
|a 10.14232/fgykf.2017.a4
|2 doi
|
| 040 |
|
|
|a SZTE Egyetemi Kiadványok Repozitórium
|b hun
|
| 041 |
|
|
|a hun
|
| 100 |
1 |
|
|a Bartha Sámuel Gergely
|
| 245 |
1 |
0 |
|a A farkasalma (Aristolochia clematitis L.) antimikrobás hatásának vizsgálata
|h [elektronikus dokumentum] /
|c Bartha Sámuel Gergely
|
| 260 |
|
|
|c 2017-05-12
|
| 300 |
|
|
|a 9
|
| 490 |
0 |
|
|a Fiatal Gyógynövénykutatók Fóruma
|
| 695 |
|
|
|a konferencia, gyógynövénykutatás, Aristolochia clematitis L., hatásvizsgálat
|
| 700 |
0 |
1 |
|a Papp Nóra
|e aut
|
| 700 |
0 |
1 |
|a Kopcsányi Márton
|e aut
|
| 700 |
0 |
1 |
|a Mágó Martin
|e aut
|
| 700 |
0 |
1 |
|a Kerényi Mónika
|e aut
|
| 710 |
|
|
|a Fiatal Gyógynövénykutatók Fóruma - A Magyar Gyógyszerésztudományi Társaság Gyógynövény Szakosztályának tudományos konferenciája (2017. május 12) (Budakalász)
|
| 856 |
4 |
0 |
|u http://acta.bibl.u-szeged.hu/46460/1/abstractfuzet_budakalasz_2017_a4.pdf
|z Dokumentum-elérés
|